000 00648nam a2200181Ia 4500
008 100917s9999 xx 000 0 und d
082 _b56418
100 _aदेव शंकर श्रीकृष्ण
245 _aश्री समर्थ चरित्र तृतीय खंड
260 _bके. भि. ढवळे
_c---
300 _a296
365 _b0
520 _aचरित्र
630 _aश्री समर्थ चरित्र तृतीय खंड
650 _aचरित्र
730 _aश्री समर्थ चरित्र तृतीय खंड
942 _cBOOK
999 _c661812
_d661809